000
00284nam a22001337a 4500
008
210302b ||||| |||| 00| 0 eng d
020
_a
0133492095
041
_a
eng
080
_a
721
100
_a
41
101
_a
NDE
245
_a
General Carpentry
_c
Spence,P.W
942
_2
udc
_c
BK
999
_c
55462
_d
55462